[Event "13. Festival Ciudad de Lorca 2024 - A"]
[White "Maklakova, Nellija"]
[Black "Perez Fernandez, Arys"]
[Site "Lorca ESP"]
[Round "5.27"]
[Result "1-0"]
[Date "2024.12.28"]
[WhiteElo "1885"]
[BlackElo "1574"]
[PlyCount "71"]
[GameId "2132923619664405"]
[EventDate "2024.12.26"]
[EventCountry "ESP"]
[SourceTitle "Ajedrez en Madrid"]
[Source "lmi"]
[SourceDate "2024.12.26"]
[SourceVersion "1"]
[SourceVersionDate "2025.01.11"]
[SourceQuality "1"]

1. Nf3 Nf6 2. c4 e6 3. Nc3 Be7 4. d4 d5 5. e3 c5 6. b3 b6 7. Bb2 Bb7 8. Bd3 Nc6 9. O-O O-O 10. Rc1 Re8 11. Bb1 Bf8 12. Ne2 g6 13. Nf4 Bh6 14. Nd3 cxd4 15. Nxd4 Nxd4 16. Bxd4 dxc4 17. bxc4 Rc8 18. Qa4 a6 19. Ne5 Bg7 20. Rfd1 Qc7 21. f4 Red8 22. Qb3 Nd7 23. Ng4 Nc5 24. Qb2 Bxd4 25. Rxd4 Qc6 26. e4 h5 27. Rxd8+ Rxd8 28. Qf6 Rd7 29. Nh6+ Kh7 30. Nxf7 Rxf7 31. Qxf7+ Kh6 32. Qf8+ Kh7 33. Qe7+ Kh8 34. Rd1 Nd3 35. Rxd3 Qc5+ 36. Qxc5 1-0

[Event "13. Festival Ciudad de Lorca 2024 - A"]
[White "Vaddhireddy, Sai"]
[Black "Martinez, Thomas"]
[Site "Lorca ESP"]
[Round "5.28"]
[Result "1-0"]
[Date "2024.12.28"]
[WhiteElo "1962"]
[BlackElo "1594"]
[PlyCount "53"]
[GameId "2132923619664406"]
[EventDate "2024.12.26"]
[EventCountry "ESP"]
[SourceTitle "Ajedrez en Madrid"]
[Source "lmi"]
[SourceDate "2024.12.26"]
[SourceVersion "1"]
[SourceVersionDate "2025.01.11"]
[SourceQuality "1"]

1. d4 d5 2. c4 e6 3. Nf3 Be7 4. g3 dxc4 5. Bg2 Nc6 6. O-O Nf6 7. Qa4 O-O 8. Qxc4 Ne4 9. Ne5 Nd6 10. Qa4 Nxe5 11. dxe5 Nf5 12. Rd1 Qe8 13. Qc2 Bd8 14. Nc3 c6 15. Ne4 Bb6 16. b3 Bd4 17. Bb2 Bxb2 18. Qxb2 Qe7 19. Rd3 Qb4 20. Rad1 Qb6 21. Qd2 Re8 22. g4 Ne7 23. Nf6+ Kf8 24. Nxh7+ Kg8 25. Nf6+ gxf6 26. exf6 Ng6 27. Qh6 1-0

[Event "13. Festival Ciudad de Lorca 2024 - A"]
[White "Jansone, Melanija Luize"]
[Black "Ilinca Ilinca, Filip Antonio"]
[Site "Lorca ESP"]
[Round "5.29"]
[Result "1-0"]
[Date "2024.12.28"]
[WhiteElo "1885"]
[BlackElo "1790"]
[PlyCount "77"]
[GameId "2132923619664407"]
[EventDate "2024.12.26"]
[EventCountry "ESP"]
[SourceTitle "Ajedrez en Madrid"]
[Source "lmi"]
[SourceDate "2024.12.26"]
[SourceVersion "1"]
[SourceVersionDate "2025.01.11"]
[SourceQuality "1"]

1. e4 c6 2. d3 d5 3. Nd2 dxe4 4. dxe4 Nf6 5. Ngf3 Bg4 6. h3 Bh5 7. e5 Nd5 8. e6 fxe6 9. g4 Bf7 10. Ne5 Bg8 11. Ndf3 Nd7 12. Qe2 Qc7 13. c4 N5b6 14. Bf4 O-O-O 15. Bg2 Nxe5 16. Nxe5 Nd7 17. O-O g5 18. Bg3 Bg7 19. Nxc6 e5 20. Nxd8 Kxd8 21. Qd2 h6 22. Rfd1 Ke8 23. Be4 Be6 24. c5 Nxc5 25. Bg6+ Bf7 26. Bxf7+ Kxf7 27. Rac1 Qb6 28. Qd5+ Ne6 29. b3 Rd8 30. Qf3+ Nf4 31. Bxf4 Rxd1+ 32. Rxd1 gxf4 33. Qd5+ Kg6 34. Qd7 Bf6 35. Qf5+ Kg7 36. h4 Bxh4 37. Qxe5+ Qf6 38. Qxf6+ Bxf6 39. Rd7 1-0

[Event "13. Festival Ciudad de Lorca 2024 - A"]
[White "Li, Di"]
[Black "Narciso Dublan, Marc"]
[Site "Lorca ESP"]
[Round "6.1"]
[Result "1-0"]
[Date "2024.12.29"]
[WhiteElo "2552"]
[BlackElo "2373"]
[PlyCount "89"]
[GameId "2129364847797365"]
[EventDate "2024.12.26"]
[EventCountry "ESP"]
[SourceTitle "Ajedrez en Madrid"]
[Source "lmi"]
[SourceDate "2024.12.26"]
[SourceVersion "1"]
[SourceVersionDate "2025.01.11"]
[SourceQuality "1"]

1. e4 e5 2. Nf3 Nf6 3. Nxe5 d6 4. Nf3 Nxe4 5. Nc3 Nxc3 6. dxc3 Be7 7. Be3 Nc6 8. Qd2 Bf5 9. O-O-O Qd7 10. Kb1 O-O 11. h4 Rfe8 12. Bd3 Bf8 13. h5 h6 14. Rdg1 Bxd3 15. Qxd3 Ne5 16. Nxe5 Rxe5 17. Bf4 Re6 18. g4 Rae8 19. g5 hxg5 20. Bxg5 Be7 21. Be3 Bf6 22. a3 Kh8 23. Bd4 Qe7 24. f4 c5 25. h6 g6 26. f5 Re4 27. Bxf6+ Qxf6 28. fxg6 fxg6 29. Rf1 Qe6 30. h7 a6 31. Qd2 Re5 32. Qg2 d5 33. Rh6 Re1+ 34. Rxe1 Qxe1+ 35. Ka2 Qe4 36. Qxg6 Qxg6 37. Rxg6 Rd8 38. Rh6 d4 39. Kb3 b5 40. cxd4 cxd4 41. Rxa6 Kxh7 42. Rb6 d3 43. cxd3 Rxd3+ 44. Kb4 Rd2 45. b3 1-0

[Event "13. Festival Ciudad de Lorca 2024 - A"]
[White "Filgueiras, Nathan Felipe"]
[Black "Vignesh, N R"]
[Site "Lorca ESP"]
[Round "6.2"]
[Result "1/2-1/2"]
[Date "2024.12.29"]
[WhiteElo "2328"]
[BlackElo "2523"]
[PlyCount "123"]
[GameId "2129366441247918"]
[EventDate "2024.12.26"]
[EventCountry "ESP"]
[SourceTitle "Ajedrez en Madrid"]
[Source "lmi"]
[SourceDate "2024.12.26"]
[SourceVersion "1"]
[SourceVersionDate "2025.01.11"]
[SourceQuality "1"]

1. e4 c5 2. Nc3 Nc6 3. Nge2 Nf6 4. d4 cxd4 5. Nxd4 e5 6. Ndb5 d6 7. Bg5 a6 8. Na3 b5 9. Bxf6 gxf6 10. Nd5 f5 11. Bd3 Be6 12. c3 Bg7 13. Nxb5 axb5 14. Bxb5 Rc8 15. Qa4 Bd7 16. exf5 O-O 17. O-O e4 18. Rfe1 Ne5 19. Bxd7 Nxd7 20. Qxe4 Nf6 21. Nxf6+ Bxf6 22. a4 d5 23. Qd3 d4 24. Rad1 Re8 25. Rxe8+ Qxe8 26. cxd4 Qxa4 27. g3 Qc2 28. b3 Qxd3 29. Rxd3 Kf8 30. g4 Ke7 31. f4 h6 32. Kg2 Kd6 33. d5 Rb8 34. Rh3 Kxd5 35. Rxh6 Bd4 36. Rh7 Ke4 37. Rxf7 Kxf4 38. Rd7 Be5 39. Rd3 Kxg4 40. Rh3 Bxh2 41. f6 Bf4 42. f7 Rf8 43. b4 Rxf7 44. Rb3 Rh7 45. b5 Rh2+ 46. Kf1 Kf5 47. b6 Bb8 48. b7 Ke6 49. Rc3 Rb2 50. Rc8 Rxb7 51. Ke2 Kd5 52. Rc2 Be5 53. Ra2 Ke4 54. Rc2 Rh7 55. Rc4+ Bd4 56. Rc2 Rh1 57. Kd2 Rh3 58. Ke2 Bc3 59. Kd1 Kd3 60. Rd2+ Kc4 61. Rg2 Bd4 62. Kc2 1/2-1/2

[Event "13. Festival Ciudad de Lorca 2024 - A"]
[White "Chavez Suarez, Carlos Alberto"]
[Black "Cabrera, Alexis"]
[Site "Lorca ESP"]
[Round "6.3"]
[Result "1/2-1/2"]
[Date "2024.12.29"]
[WhiteElo "2278"]
[BlackElo "2410"]
[PlyCount "117"]
[GameId "2129382155150593"]
[EventDate "2024.12.26"]
[EventCountry "ESP"]
[SourceTitle "Ajedrez en Madrid"]
[Source "lmi"]
[SourceDate "2024.12.26"]
[SourceVersion "1"]
[SourceVersionDate "2025.01.11"]
[SourceQuality "1"]

1. e4 c5 2. Nf3 d6 3. d4 cxd4 4. Nxd4 Nf6 5. Nc3 a6 6. a4 e5 7. Nde2 Be7 8. g3 Be6 9. Bg2 Nbd7 10. O-O O-O 11. h3 Qc7 12. Be3 Rac8 13. Rc1 Qc6 14. b3 Bd8 15. f4 Bb6 16. Bxb6 Qxb6+ 17. Kh2 Nc5 18. f5 Bd7 19. g4 Bc6 20. Ng3 Qb4 21. g5 Qxc3 22. gxf6 gxf6 23. Nh5 Kh8 24. Qxd6 Nd7 25. Nxf6 Qc5 26. Qxc5 Nxc5 27. Rcd1 a5 28. Rf2 Rfd8 29. Rfd2 Rxd2 30. Rxd2 Kg7 31. Rd6 Kf8 32. Nd5 Bxd5 33. exd5 e4 34. Kg1 Ke7 35. Rb6 Rg8 36. Kf1 Rg5 37. f6+ Kd7 38. Rb5 Rxd5 39. Rxa5 Rf5+ 40. Ke2 Rg5 41. Bh1 b6 42. Rb5 Rg1 43. b4 Rxh1 44. bxc5 bxc5 45. Rxc5 Rxh3 46. Re5 Rc3 47. Kd2 Rc4 48. a5 Kd6 49. Re7 Ra4 50. Rxf7 Ke6 51. Rxh7 Kxf6 52. Rh5 Ke6 53. Kc3 Kd6 54. Kb3 Ra1 55. Kc4 Ra2 56. Rd5+ Kc6 57. Kd4 e3 58. c4 e2 59. Re5 1/2-1/2

[Event "13. Festival Ciudad de Lorca 2024 - A"]
[White "Xu, Minghui"]
[Black "Khamrakulov, Ibragim S."]
[Site "Lorca ESP"]
[Round "6.4"]
[Result "1-0"]
[Date "2024.12.29"]
[WhiteElo "2405"]
[BlackElo "2388"]
[PlyCount "50"]
[GameId "2129384609916222"]
[EventDate "2024.12.26"]
[EventCountry "ESP"]
[SourceTitle "Ajedrez en Madrid"]
[Source "lmi"]
[SourceDate "2024.12.26"]
[SourceVersion "1"]
[SourceVersionDate "2025.01.11"]
[SourceQuality "1"]

1. d4 Nf6 2. c4 e6 3. Nc3 Bb4 4. e3 c5 5. Nge2 cxd4 6. exd4 d5 7. a3 Be7 8. cxd5 Nxd5 9. Nxd5 exd5 10. Nf4 O-O 11. Bd3 Nc6 12. Be3 Bf6 13. O-O g6 14. Bc2 Be6 15. Nxe6 fxe6 16. Qd3 Rc8 17. Rac1 b5 18. Bb1 Qb6 19. Rcd1 Na5 20. Rfe1 Rc6 21. g3 Nc4 22. Bc1 b4 23. axb4 Qxb4 24. Re2 Kf7 25. Kg2 Rfc8 1-0

[Event "13. Festival Ciudad de Lorca 2024 - A"]
[White "Paikens, Reinis"]
[Black "Sabuk, Piotr"]
[Site "Lorca ESP"]
[Round "6.5"]
[Result "1-0"]
[Date "2024.12.29"]
[WhiteElo "2166"]
[BlackElo "2385"]
[PlyCount "31"]
[GameId "2129509309698373"]
[EventDate "2024.12.26"]
[EventCountry "ESP"]
[SourceTitle "Ajedrez en Madrid"]
[Source "lmi"]
[SourceDate "2024.12.26"]
[SourceVersion "1"]
[SourceVersionDate "2025.01.11"]
[SourceQuality "1"]

1. c4 e6 2. Nc3 d5 3. d4 Nf6 4. cxd5 exd5 5. Bg5 Bb4 6. Qb3 c5 7. e3 Nc6 8. Bb5 O-O 9. dxc5 Qa5 10. Bxf6 Qxb5 11. O-O-O Qxc5 12. Rxd5 Qb6 13. Rg5 Na5 14. Rxg7+ Kh8 15. Qxb4 Qxb4 16. Rg6# 1-0

[Event "13. Festival Ciudad de Lorca 2024 - A"]
[White "Piedra Salabarria, Ernesto"]
[Black "Fondrat, Johan"]
[Site "Lorca ESP"]
[Round "6.6"]
[Result "1-0"]
[Date "2024.12.29"]
[WhiteElo "2272"]
[BlackElo "2054"]
[PlyCount "85"]
[GameId "2129510497702227"]
[EventDate "2024.12.26"]
[EventCountry "ESP"]
[SourceTitle "Ajedrez en Madrid"]
[Source "lmi"]
[SourceDate "2024.12.26"]
[SourceVersion "1"]
[SourceVersionDate "2025.01.11"]
[SourceQuality "1"]

1. d4 d5 2. Nf3 Nf6 3. c4 e6 4. Nc3 c6 5. Bf4 Be7 6. c5 a5 7. a3 b6 8. b4 Ba6 9. Ne5 Nfd7 10. e4 Bxf1 11. Kxf1 Nxe5 12. Bxe5 O-O 13. Qg4 Bf6 14. Bxf6 Qxf6 15. e5 Qg6 16. Qxg6 fxg6 17. Ke2 b5 18. bxa5 Rxa5 19. Rhb1 Nd7 20. a4 Rfa8 21. Rb4 Kf7 22. f4 Ke7 23. g4 Nb8 24. Ra2 Na6 25. Rbb2 Nc7 26. axb5 Nxb5 27. Rxa5 Rxa5 28. Nxb5 cxb5 29. Rb3 Kd7 30. Ke3 Kc6 31. f5 gxf5 32. gxf5 exf5 33. Kf4 Ra4 34. Rd3 b4 35. Rb3 Kb5 36. e6 Kc4 37. Rb1 Kxd4 38. c6 Ra8 39. c7 Rc8 40. e7 Kc3 41. Re1 Re8 42. c8=Q+ Rxc8 43. Rc1+ 1-0

[Event "13. Festival Ciudad de Lorca 2024 - A"]
[White "Valdepenas Octavio, Javier"]
[Black "Ibarra Jerez, Juan Miguel"]
[Site "Lorca ESP"]
[Round "6.7"]
[Result "1-0"]
[Date "2024.12.29"]
[WhiteElo "2145"]
[BlackElo "2220"]
[PlyCount "103"]
[GameId "2129526999777638"]
[EventDate "2024.12.26"]
[EventCountry "ESP"]
[SourceTitle "Ajedrez en Madrid"]
[Source "lmi"]
[SourceDate "2024.12.26"]
[SourceVersion "1"]
[SourceVersionDate "2025.01.11"]
[SourceQuality "1"]

1. e4 h6 2. d4 e6 3. c4 d5 4. Nc3 dxe4 5. Nxe4 Bb4+ 6. Nc3 c5 7. a3 Ba5 8. Nf3 Nf6 9. Be2 Nc6 10. dxc5 Bxc3+ 11. bxc3 Qa5 12. O-O Ne4 13. Qc2 Nxc5 14. Be3 e5 15. Rfb1 Nd7 16. Nh4 Qd8 17. Nf5 Qf6 18. Rd1 Kf8 19. Rd6 Qd8 20. Rad1 Qe8 21. Bf3 Ndb8 22. Rd8 Nxd8 23. Bc5+ Kg8 24. Ne7+ Qxe7 25. Bxe7 Ne6 26. Qa4 Kh7 27. Be4+ g6 28. Qb5 Nc6 29. Bxc6 bxc6 30. Qxe5 Re8 31. Qf6 Ng7 32. Bc5 Be6 33. h3 Bxc4 34. Rd7 Re6 35. Qf4 Re1+ 36. Kh2 Be6 37. Rxa7 Rd8 38. Rxf7 Bxf7 39. Qxf7 Red1 40. Bd4 R1xd4 41. cxd4 Rxd4 42. Qa7 Rd2 43. a4 h5 44. a5 Ra2 45. a6 Kh6 46. Qb7 Rxf2 47. a7 Nf5 48. a8=Q h4 49. Qxc6 Rf1 50. Qf8+ Kh5 51. Qh8+ Kg5 52. Qhf6+ 1-0

[Event "13. Festival Ciudad de Lorca 2024 - A"]
[White "Ilinca, Felix-Antonio"]
[Black "Bartakke, Aditya"]
[Site "Lorca ESP"]
[Round "6.8"]
[Result "0-1"]
[Date "2024.12.29"]
[WhiteElo "2450"]
[BlackElo "1957"]
[PlyCount "96"]
[GameId "2129533586080155"]
[EventDate "2024.12.26"]
[EventCountry "ESP"]
[SourceTitle "Ajedrez en Madrid"]
[Source "lmi"]
[SourceDate "2024.12.26"]
[SourceVersion "1"]
[SourceVersionDate "2025.01.11"]
[SourceQuality "1"]

1. e4 c5 2. Nf3 d6 3. d4 cxd4 4. Nxd4 Nf6 5. Nc3 Nc6 6. Bc4 Qb6 7. Nb3 e6 8. Bf4 Ne5 9. Be2 a6 10. Qd2 Bd7 11. O-O-O Be7 12. g4 Bc6 13. f3 Qc7 14. g5 Nfd7 15. Be3 b5 16. Qd4 O-O 17. f4 Ng6 18. f5 exf5 19. exf5 Nge5 20. Rhg1 Rfc8 21. Ne4 Bb7 22. Nc3 a5 23. a3 d5 24. Bxb5 Nf3 25. Qa4 Nxg1 26. Rxg1 Nc5 27. Nxc5 Bxc5 28. Bf4 Qe7 29. Rd1 d4 30. Ne2 Ba6 31. Nxd4 Bxd4 32. Rxd4 Bxb5 33. Qxb5 Qe1+ 34. Rd1 Rxc2+ 35. Kxc2 Rc8+ 36. Kb1 Qxd1+ 37. Ka2 a4 38. h4 Qd4 39. Bc7 Qxh4 40. Qa6 Re8 41. Qb5 Qe4 42. Ba5 Rc8 43. Bc7 Qc2 44. Bf4 Qc4+ 45. Qxc4 Rxc4 46. Bd2 Rc5 47. f6 gxf6 48. gxf6 h5 0-1

[Event "13. Festival Ciudad de Lorca 2024 - A"]
[White "Fernandez Bustamante, Leancy B."]
[Black "Luch, Michal"]
[Site "Lorca ESP"]
[Round "6.9"]
[Result "0-1"]
[Date "2024.12.29"]
[WhiteElo "2129"]
[BlackElo "2329"]
[PlyCount "88"]
[GameId "2129535385887148"]
[EventDate "2024.12.26"]
[EventCountry "ESP"]
[SourceTitle "Ajedrez en Madrid"]
[Source "lmi"]
[SourceDate "2024.12.26"]
[SourceVersion "1"]
[SourceVersionDate "2025.01.11"]
[SourceQuality "1"]

1. e4 c5 2. Nf3 e6 3. Qe2 Nc6 4. c3 e5 5. g3 Be7 6. Bg2 Nf6 7. O-O O-O 8. Na3 Re8 9. Nc2 Bf8 10. d3 h6 11. Bd2 d5 12. h3 c4 13. dxc4 dxe4 14. Nh2 Bf5 15. Ne3 Bg6 16. Nhg4 Nd7 17. Nd5 f5 18. Nh2 Nf6 19. Rad1 Nxd5 20. cxd5 Qxd5 21. Bxh6 Qxa2 22. Bg5 Be7 23. Bxe7 Rxe7 24. Rd6 Qf7 25. Rfd1 Rf8 26. g4 Kh8 27. Nf1 Bh7 28. gxf5 Qxf5 29. Ng3 Qg5 30. Bxe4 Ref7 31. Bxc6 bxc6 32. Qd2 Qh4 33. Rd8 Rxf2 34. Qxf2 Rxd8 35. Rxd8+ Qxd8 36. Qxa7 Qd1+ 37. Kg2 Bg8 38. Qb8 Qd2+ 39. Kf3 Qf4+ 40. Kg2 Kh7 41. h4 Bd5+ 42. Kh3 Be6+ 43. Kg2 Bg4 44. Qb6 Bf3+ 0-1

[Event "13. Festival Ciudad de Lorca 2024 - A"]
[White "Collado Alcolado, Angel"]
[Black "Pogorelov, Ruslan"]
[Site "Lorca ESP"]
[Round "6.10"]
[Result "1/2-1/2"]
[Date "2024.12.29"]
[WhiteElo "2061"]
[BlackElo "2282"]
[PlyCount "65"]
[GameId "2129538130514378"]
[EventDate "2024.12.26"]
[EventCountry "ESP"]
[SourceTitle "Ajedrez en Madrid"]
[Source "lmi"]
[SourceDate "2024.12.26"]
[SourceVersion "1"]
[SourceVersionDate "2025.01.11"]
[SourceQuality "1"]

1. e4 c5 2. Nf3 Nc6 3. Nc3 e6 4. d4 cxd4 5. Nxd4 Qc7 6. Be2 a6 7. Nxc6 Qxc6 8. O-O b5 9. Bf3 Bb7 10. Re1 Qc7 11. a4 b4 12. Nd5 exd5 13. exd5+ Kd8 14. d6 Qb8 15. Bg5+ Nf6 16. Bxb7 Qxb7 17. Qd4 Bxd6 18. Qxd6 Qc6 19. Qxc6 dxc6 20. Rad1+ Kc7 21. Re7+ Kb6 22. a5+ Kb5 23. Rb7+ Kc4 24. Bxf6 gxf6 25. Rxf7 Rhd8 26. Rfd7 Re8 27. Kf1 Re5 28. Rc7 Rxa5 29. Rxc6+ Rc5 30. Rdd6 Rxc6 31. Rxc6+ Kb5 32. Rxf6 Rb8 33. Rf5+ 1/2-1/2

[Event "13. Festival Ciudad de Lorca 2024 - A"]
[White "Piccoli, Lucas Fonseca"]
[Black "Tonndorf, Matthias"]
[Site "Lorca ESP"]
[Round "6.11"]
[Result "0-1"]
[Date "2024.12.29"]
[WhiteElo "2270"]
[BlackElo "2138"]
[PlyCount "58"]
[GameId "2132923634655852"]
[EventDate "2024.12.26"]
[EventCountry "ESP"]
[SourceTitle "Ajedrez en Madrid"]
[Source "lmi"]
[SourceDate "2024.12.26"]
[SourceVersion "1"]
[SourceVersionDate "2025.01.11"]
[SourceQuality "1"]

1. e4 c5 2. Nf3 e6 3. d4 cxd4 4. Nxd4 a6 5. Bd3 Nf6 6. O-O Qc7 7. Qe2 d6 8. f4 Nbd7 9. c4 b6 10. Nc3 Bb7 11. f5 e5 12. Nf3 Rc8 13. Bd2 Be7 14. Kh1 Qb8 15. Rae1 Qa8 16. b4 h6 17. Nd5 Bd8 18. Be3 O-O 19. Rg1 b5 20. g4 bxc4 21. g5 cxd3 22. Qg2 Rc2 23. Bd2 hxg5 24. Qxg5 Ne8 25. f6 Ndxf6 26. Nxf6+ Bxf6 27. Qg4 Rc4 28. Ref1 Rxe4 29. Qf5 Rf4 0-1

[Event "13. Festival Ciudad de Lorca 2024 - A"]
[White "Shah, Jeet"]
[Black "Carrascoso Morales, Abel"]
[Site "Lorca ESP"]
[Round "6.13"]
[Result "1/2-1/2"]
[Date "2024.12.29"]
[WhiteElo "2052"]
[BlackElo "2182"]
[PlyCount "97"]
[GameId "2132923634659950"]
[EventDate "2024.12.26"]
[EventCountry "ESP"]
[SourceTitle "Ajedrez en Madrid"]
[Source "lmi"]
[SourceDate "2024.12.26"]
[SourceVersion "1"]
[SourceVersionDate "2025.01.11"]
[SourceQuality "1"]

1. e4 c5 2. Nf3 d6 3. d4 cxd4 4. Nxd4 Nf6 5. Nc3 g6 6. f4 Nc6 7. Be2 Bg7 8. Nxc6 bxc6 9. Be3 O-O 10. O-O Rb8 11. Rb1 Qc7 12. h3 Rd8 13. Qe1 d5 14. e5 d4 15. exf6 Bxf6 16. Bd2 dxc3 17. Bxc3 Bf5 18. Bxf6 exf6 19. Qc3 Qb6+ 20. Kh1 Qd4 21. Qxc6 Rbc8 22. Qa6 Bxc2 23. Rbc1 Qxb2 24. Qxa7 Be4 25. Qe3 f5 26. Rxc8 Rxc8 27. Bf3 Bxf3 28. Rxf3 Qxa2 29. Qb3 Qa1+ 30. Kh2 Rc1 31. Re3 Qd4 32. Qb8+ Kg7 33. Qe5+ Qxe5 34. Rxe5 Rf1 35. Kg3 h6 36. h4 Ra1 37. Re3 Ra4 38. Rb3 g5 39. hxg5 hxg5 40. fxg5 Kg6 41. Rb7 Rg4+ 42. Kf2 Rxg5 43. g3 Rg4 44. Ra7 Rb4 45. Rc7 Kf6 46. Ra7 Kg6 47. Rc7 f6 48. Ra7 Rb1 49. Rc7 1/2-1/2

[Event "13. Festival Ciudad de Lorca 2024 - A"]
[White "Atharva, Kale"]
[Black "Valdats, Reinis"]
[Site "Lorca ESP"]
[Round "6.14"]
[Result "1-0"]
[Date "2024.12.29"]
[WhiteElo "1866"]
[BlackElo "2176"]
[PlyCount "131"]
[GameId "2132923634659951"]
[EventDate "2024.12.26"]
[EventCountry "ESP"]
[SourceTitle "Ajedrez en Madrid"]
[Source "lmi"]
[SourceDate "2024.12.26"]
[SourceVersion "1"]
[SourceVersionDate "2025.01.11"]
[SourceQuality "1"]

1. e4 c5 2. Nf3 e6 3. d4 cxd4 4. Nxd4 Nc6 5. Bf4 d6 6. Nxc6 bxc6 7. Bd3 e5 8. Be3 Nf6 9. O-O Be7 10. c4 O-O 11. Nc3 Be6 12. Qe2 Qc8 13. h3 Ne8 14. Rac1 Nc7 15. Rfd1 f5 16. exf5 Bxf5 17. Bxf5 Qxf5 18. Qd3 Qf7 19. Qe4 Qe8 20. c5 d5 21. Qxe5 Qd7 22. Qg3 Ne6 23. Ne2 Rab8 24. b3 Rb4 25. Rc4 a5 26. Rxb4 axb4 27. Qg4 Bxc5 28. Bxc5 Nxc5 29. Qxb4 Qa7 30. Qd4 Qxa2 31. Nc3 Qa3 32. b4 Ne6 33. Qe3 Nf4 34. Nxd5 Qa4 35. Ne7+ Kh8 36. Rd4 Qa1+ 37. Kh2 Nh5 38. Nxc6 Qf1 39. Ne5 Qb5 40. Qg5 Qb6 41. Rg4 g6 42. Nxg6+ Qxg6 43. Qe5+ Qf6 44. Qxh5 Qxf2 45. Qe5+ Qf6 46. Qxf6+ Rxf6 47. Kg3 Rf1 48. Kh4 Rd1 49. Kh5 Rd3 50. b5 Rb3 51. Rg5 Rb2 52. Kh6 Rxg2 53. Rc5 Rg6+ 54. Kh5 Rg3 55. h4 Rb3 56. Kh6 Kg8 57. h5 Rb1 58. Rc8+ Kf7 59. Rb8 Ke7 60. Kxh7 Kd7 61. b6 Rh1 62. h6 Kc6 63. Kg7 Rg1+ 64. Kh8 Rh1 65. h7 Rh2 66. Kg7 1-0

[Event "13. Festival Ciudad de Lorca 2024 - A"]
[White "Vingris, Mikelis"]
[Black "Boricha, Yohan"]
[Site "Lorca ESP"]
[Round "6.15"]
[Result "1-0"]
[Date "2024.12.29"]
[WhiteElo "2147"]
[BlackElo "1888"]
[PlyCount "61"]
[GameId "2132923634659952"]
[EventDate "2024.12.26"]
[EventCountry "ESP"]
[SourceTitle "Ajedrez en Madrid"]
[Source "lmi"]
[SourceDate "2024.12.26"]
[SourceVersion "1"]
[SourceVersionDate "2025.01.11"]
[SourceQuality "1"]

1. e4 c5 2. Nf3 Nc6 3. d4 cxd4 4. Nxd4 e5 5. Nb5 d6 6. c4 a6 7. N5c3 g6 8. Nd5 Bg7 9. Be3 Nd4 10. Nbc3 f5 11. exf5 Bxf5 12. Bd3 Bxd3 13. Qxd3 Nh6 14. Bxd4 exd4 15. Ne4 O-O 16. O-O Rb8 17. a4 a5 18. Rfe1 Nf5 19. Re2 g5 20. Rae1 Be5 21. Ng3 Nxg3 22. hxg3 Rf7 23. f4 gxf4 24. gxf4 Bg7 25. Re7 Qf8 26. b3 b6 27. g3 Rxe7 28. Rxe7 Re8 29. Nf6+ Qxf6 30. Rxe8+ Kf7 31. Re1 1-0

[Event "13. Festival Ciudad de Lorca 2024 - A"]
[White "Escudero Ribo, Eloi"]
[Black "Mitul, K H"]
[Site "Lorca ESP"]
[Round "6.16"]
[Result "0-1"]
[Date "2024.12.29"]
[WhiteElo "1903"]
[BlackElo "1834"]
[PlyCount "110"]
[GameId "2132923634659953"]
[EventDate "2024.12.26"]
[EventCountry "ESP"]
[SourceTitle "Ajedrez en Madrid"]
[Source "lmi"]
[SourceDate "2024.12.26"]
[SourceVersion "1"]
[SourceVersionDate "2025.01.11"]
[SourceQuality "1"]

1. d4 d5 2. c4 e6 3. Nc3 Nf6 4. cxd5 exd5 5. Bg5 Be7 6. e3 c6 7. Bd3 Nbd7 8. Nge2 Nh5 9. Bxe7 Qxe7 10. O-O O-O 11. Qc2 g6 12. Rae1 Nb6 13. Ng3 Nxg3 14. hxg3 Qf6 15. b4 h5 16. f3 Kg7 17. Ne2 Qe7 18. Nf4 Qg5 19. Qf2 Bd7 20. Ra1 Nc8 21. a4 Nd6 22. Ra2 a6 23. Rfa1 Rae8 24. a5 Rh8 25. Re1 Re7 26. Rd2 Rhe8 27. Ra2 Bf5 28. Bf1 Rh8 29. Rd2 Qf6 30. Ra2 Ree8 31. Ra3 g5 32. Nd3 Bxd3 33. Bxd3 Nf5 34. Raa1 Re6 35. Re2 h4 36. Bxf5 Qxf5 37. g4 Qf6 38. Rf1 Rhe8 39. Kh1 Qe7 40. e4 f6 41. e5 fxe5 42. Rfe1 e4 43. fxe4 Rxe4 44. Rxe4 dxe4 45. Qe3 Qf6 46. Qc3 e3 47. Kg1 Qf2+ 48. Kh1 Qd2 49. Qa1 Kg8 50. Qb1 Re6 51. Rd1 Qe2 52. d5 h3 53. gxh3 Qf3+ 54. Kg1 Qg3+ 55. Kh1 Qxh3+ 0-1

[Event "13. Festival Ciudad de Lorca 2024 - A"]
[White "Vinuesa Sorli, Ruben"]
[Black "Bryant, Harry"]
[Site "Lorca ESP"]
[Round "6.17"]
[Result "1/2-1/2"]
[Date "2024.12.29"]
[WhiteElo "2291"]
[BlackElo "1971"]
[PlyCount "104"]
[GameId "2132923634659954"]
[EventDate "2024.12.26"]
[EventCountry "ESP"]
[SourceTitle "Ajedrez en Madrid"]
[Source "lmi"]
[SourceDate "2024.12.26"]
[SourceVersion "1"]
[SourceVersionDate "2025.01.11"]
[SourceQuality "1"]

1. e4 e5 2. Nf3 Nc6 3. Nc3 Nf6 4. a3 d5 5. Bb5 Nxe4 6. Qe2 Qd6 7. Nxe4 dxe4 8. Qxe4 Bd7 9. O-O f6 10. d4 O-O-O 11. dxe5 Nxe5 12. Bxd7+ Rxd7 13. Nxe5 Qxe5 14. Qxe5 fxe5 15. Be3 Be7 16. Rae1 Bf6 17. g3 Re8 18. Re2 Red8 19. Kg2 Rd1 20. Rxd1 Rxd1 21. b3 Kd7 22. Kf3 b6 23. Rd2+ Rxd2 24. Bxd2 Be7 25. a4 Ke6 26. Ke4 c5 27. c4 Bd6 28. h4 h5 29. Bg5 Bc7 30. f3 Bb8 31. Bd2 Bc7 32. Bc3 Bd6 33. g4 g6 34. a5 Bc7 35. a6 Bd6 36. Bd2 Be7 37. Be1 Bd6 38. Bg3 Bc7 39. Bf2 Bd8 40. Be1 Be7 41. g5 Bf8 42. Bg3 Bd6 43. Bh2 Bc7 44. Bg1 Bd8 45. Be3 Be7 46. b4 Bd6 47. b5 Bb8 48. Bd2 Bc7 49. Bc3 Bd6 50. Bb2 Bc7 51. Ba1 Bd6 52. Bc3 Bb8 1/2-1/2